[Event "Reykjavik"]
[Site "Reykjavik"]
[Date "1984.01.??"]
[Round "?"]
[White "Arnason, Jon Loftur"]
[Black "Alburt, Lev O"]
[Result "1-0"]
[WhiteElo "2500"]
[BlackElo "2515"]
[Annotator "Chekhov,V"]
[PlyCount "111"]
[EventDate "1984.01.??"]
[EventType "tourn"]
[EventRounds "11"]
[EventCountry "ISL"]
[EventCategory "8"]
[SourceTitle "MCL"]
[Source "ChessBase"]
[SourceDate "1999.07.01"]
[SourceVersion "1"]
[SourceVersionDate "1999.07.01"]
[SourceQuality "1"]

1. e4 Nf6 2. e5 Nd5 3. d4 d6 4. Nf3 g6 5. Bc4 Nb6 6. Bb3 Bg7 7. Ng5 e6 (7... d5
$5) 8. f4 (8. Qf3 Qd7 9. Ne4 dxe5 10. Nf6+ Bxf6 11. Qxf6 Rg8 12. Bg5 (12. dxe5
Qd4 13. Qf4 Qxf4 14. Bxf4 g5 $1 $132 {Konchevsky-Pushkin/URS/1989/1/2-1/2/38/})
12... exd4 13. Nd2 Nc6 $13) 8... dxe5 9. fxe5 c5 10. O-O O-O 11. c3 cxd4 12.
cxd4 Nc6 13. Nf3 f6 14. exf6 (14. Nc3 $5 fxe5 15. Bg5 $13) 14... Qxf6 15. Be3
Nd5 16. Bf2 Nf4 (16... Kh8 17. Nc3 Nxc3 18. bxc3 e5 $1 19. d5 e4 $13) 17. Kh1 (
17. Nbd2 Qf5 18. Be3 (18. Bc2 Qb5) 18... Qd3 $15 {Shamkovich,L-Alburt,L/
Reykjavik/1984/}) (17. Nc3 Na5 $6 (17... Nh3+ 18. gxh3 Qxf3 19. Qxf3 Rxf3 20.
d5 Na5 21. Nb5 $1 Nxb3 22. axb3 exd5 23. Nc7 Rxf2 24. Rxf2 Rb8 25. Rd1 $14 {
Kuzanov-Pushkin/corr/1987/1/2-1/2/67/}) 18. Ne5 (18. Bc2 $2 Nh3+ $17) (18. Ne4
$2 Nh3+ $17) 18... Nxb3 19. Qxb3 b6 20. Bg3 g5 21. Bxf4 gxf4 $13 {
Pavlov-Pushkin/RUS/1992/1/2-1/2/39/}) 17... b6 18. Nc3 Bb7 19. Ne4 Qe7 20. Re1
Na5 21. Bc2 Qb4 (21... Rac8 $5) (21... Rad8 $4 22. Bh4) 22. Rb1 Rad8 (22...
Rac8 $5) 23. Bh4 $1 Rc8 (23... Rd5 24. a3 Qb5 25. Nc3) (23... Rd7 24. a3 Qb5
25. Ba4) 24. a3 Qb5 (24... Qc4 25. Rc1) 25. Be7 (25. Nd6 $6 Nxg2 $1 26. Nxb5 (
26. Kxg2 Rxc2+ 27. Qxc2 Bxf3+ $19) 26... Nxe1 27. Qxe1 Bxf3+ 28. Kg1 Rxc2 29.
Qxe6+ Kh8 $36) 25... Rf7 26. Bd6 (26. Nd6 Nxg2 $1 27. Nxb5 Nxe1 $36) 26... Nxg2
$6 (26... Qh5 $5) 27. Kxg2 Qf5 28. Bd3 $1 Qg4+ 29. Bg3 Rcf8 30. Nh4 $6 (30. Ne5
$5 Rf2+ 31. Kg1 Qh3 32. Bxf2 Rxf2 33. Kxf2 Qxh2+ 34. Kf1 Qh1+ 35. Ke2 Qg2+ 36.
Nf2 $18) 30... Qg5 $1 31. Kh1 (31. Bc2 $5 Rf2+ 32. Kg1 Bxe4 33. Rxe4 Rd2 34.
Qc1 Rff2 35. Kh1 $1) 31... Bxd4 32. Ng2 Qd5 33. Qe2 Bf2 (33... Nb3 34. Bc4 Qxe4
35. Qxe4 (35. Bxb3 $4 Qxe2 36. Rxe2 Rf1+) 35... Bxe4 36. Rxe4 Nd2 37. Rxd4 Nxc4
(37... Nxb1 38. Bxe6 $18) 38. h3 $18) 34. Rf1 Bxg3 35. Rxf7 Rxf7 36. hxg3 Nb3
37. Rf1 (37. Rd1 Nd4 38. Qg4 Rf2 (38... Kg7 $5) 39. Kg1 Rxb2 $2 40. Nf6+) 37...
Nd4 38. Qd1 Nf5 39. Kh2 Qe5 40. Qg4 $6 (40. Qe2 $2 Nd4 {/\Rf1,Be4/}) (40. Qe1
$5 Qxb2 41. Bc4) 40... Rd7 $6 (40... Qxb2 $1 {/\Ne3/} 41. Rf2 Qxa3 42. Bc4 Bd5)
41. Bb1 Bxe4 (41... Qxb2 42. Rf2 Qe5 (42... Qxb1 43. Nf6+) 43. Qf4) 42. Bxe4
Rd2 43. Qf3 Rxb2 (43... Qxb2 $5 44. Bxf5 exf5 45. Qa8+ Kg7 46. Qxa7+ Kh6) 44.
Bxf5 exf5 45. Qa8+ Kg7 46. Qxa7+ Kh6 47. Qa8 Qc5 48. Qf3 Kg7 (48... Ra2 49.
Qf4+ $2 (49. Rd1 $1 Rxa3 50. Qf4+ Kg7 51. Rd7+ Kf6 52. Qh4+ Ke6 53. Qxh7) 49...
Kg7 50. a4 Qc6) 49. Rd1 Kf6 50. Rd5 Qc1 51. Rd6+ Ke7 52. Rd1 (52. Qd5 Qh6+ 53.
Kg1 Qc1+) 52... Qc2 (52... Qh6+ 53. Kg1 {/\Qb7/}) 53. Qb7+ Kf6 54. Rd6+ Kg5 55.
Qe7+ Kg4 (55... Kh6 56. Qh4+ $18) 56. Rd4+ 1-0

[Event "Reykjavik"]
[Site "Reykjavik"]
[Date "1984.01.??"]
[Round "?"]
[White "Cramling, Pia"]
[Black "Alburt, Lev O"]
[Result "1-0"]
[WhiteElo "2405"]
[BlackElo "2515"]
[Annotator "Chekhov,V"]
[PlyCount "87"]
[EventDate "1984.01.??"]
[EventType "tourn"]
[EventRounds "11"]
[EventCountry "ISL"]
[EventCategory "8"]
[SourceTitle "MCL"]
[Source "ChessBase"]
[SourceDate "1999.07.01"]
[SourceVersion "1"]
[SourceVersionDate "1999.07.01"]
[SourceQuality "1"]

1. e4 Nf6 2. e5 Nd5 3. d4 d6 4. Nf3 g6 5. Bc4 dxe5 $6 6. dxe5 $1 (6. Nxe5 Bg7
7. Qf3 Be6 8. Nc3 c6) 6... c6 7. Nc3 Be6 8. Ng5 Bg7 (8... Nxc3 9. Qxd8+ Kxd8
10. Bxe6 fxe6 11. bxc3 $18) 9. f4 Nd7 $6 (9... O-O $5) 10. Bxd5 $1 cxd5 (10...
Bxd5 11. Nxd5 cxd5 12. Qxd5 $18) 11. Be3 (11. Nxd5 Nxe5) 11... Nb6 12. Nxe6
fxe6 13. Bd4 $16 Nc4 14. b3 Na3 15. O-O (15. h4 $5) 15... Rc8 16. Rf2 Qa5 17.
Qd3 b5 18. Rc1 (18. h4 $5) 18... b4 19. Ne2 Nb5 20. c3 $1 bxc3 21. a4 $5 (21.
Nxc3 O-O 22. Rfc2 Nxd4 23. Qxd4 Qb6) 21... Nxd4 22. Nxd4 Kd7 23. h4 $1 Rc5 24.
Rfc2 Rhc8 25. Kf2 (25. h5 $5 gxh5 26. Qxh7 Bh8 (26... Qb4 $5 27. Rd1) 27. Qxh5
Qb4 28. Qd1) 25... Qb4 26. Ke3 Bxe5 $5 27. fxe5 Qb8 28. Kf2 (28. Nf3 Qxb3)
28... Qxe5 29. Re1 (29. Rxc3 $5 Qf6+ 30. Ke1 Rxc3 31. Rxc3 Rxc3 32. Qxc3 e5 33.
Nf3 $18) 29... Rf8+ 30. Nf3 Qh2 31. Qd4 Rc7 32. Rxc3 Rxc3 33. Qxc3 Qxh4+ 34.
Kg1 $18 Rxf3 35. gxf3 d4 36. Qd2 Qg3+ 37. Kf1 Qxf3+ 38. Qf2 Qh3+ 39. Ke2 e5 40.
Qf3 Qh2+ 41. Kd3 Qb2 42. Qd5+ Ke8 43. Qa8+ Kf7 44. Rf1+ (44. Rf1+ Ke6 (44...
Kg7 45. Qf8#) 45. Qc6#) 1-0

[Event "Hamburg HSK"]
[Site "Hamburg"]
[Date "1996.??.??"]
[Round "7"]
[White "Wahls, Matthias"]
[Black "Chekhov, Valery A"]
[Result "1-0"]
[WhiteElo "2540"]
[BlackElo "2535"]
[Annotator "Chekhov,V"]
[PlyCount "57"]
[EventDate "1996.10.03"]
[EventType "tourn"]
[EventRounds "9"]
[EventCountry "GER"]
[EventCategory "9"]
[SourceTitle "CBM 056"]
[Source "ChessBase"]
[SourceDate "1997.02.01"]
[SourceVersion "1"]
[SourceVersionDate "1997.02.01"]
[SourceQuality "1"]

1. e4 Nf6 2. e5 Nd5 3. d4 d6 4. Nf3 Nb6 5. a4 a5 6. Nc3 $1 g6 7. exd6 cxd6 {
>< b6, b5} (7... exd6 8. Bg5 Be7 (8... f6 9. Qe2+) 9. Bh6 Bf8 10. Qd2) 8. Bb5+
Bd7 9. h4 $1 Bxb5 (9... h5 $2 10. Ng5 {/\ 11.Qf3} (10. Bg5)) 10. Nxb5 Bg7 11.
h5 Nc6 12. c3 Qd7 13. d5 $5 (13. Qb3 {/\ 14.N:d6}) 13... Ne5 14. Nxe5 dxe5 (
14... Bxe5 15. f4 Bg7 16. Be3 $16 Nc4 17. Bd4) 15. d6 O-O (15... exd6 16. hxg6
hxg6 17. Rxh8+ Bxh8 18. Qxd6 Qxd6 (18... Rc8 19. Bh6) 19. Nxd6+ Ke7 20. Nxb7)
16. hxg6 (16. dxe7 Qxe7 17. hxg6 fxg6) 16... hxg6 17. dxe7 Qxe7 18. Qg4 Rfd8
19. Qh3 (19. Bg5 f6 (19... Bf6 $2 20. Qh4) 20. Be3 Nd5 21. Qxg6 Nxe3 22. fxe3
Qc5 23. Rh3 Rd7) 19... Qf6 (19... Qd7 20. Qh7+ Kf8 21. Bh6 Bxh6 22. Qh8+ Ke7
23. Qxe5+ Qe6 24. Qxe6+ Kxe6 25. Rxh6) (19... f5 20. Qh7+ Kf7 21. Bh6 Qf6 22.
Bxg7 Qxg7 23. Qxg7+ Kxg7 24. Nc7) 20. b3 Nd5 21. Ba3 Ne7 22. Nc7 Rab8 (22...
Rac8 23. Nd5 $1 Rxd5 24. Bxe7 Qxe7 25. Qxc8+) 23. c4 $1 e4 24. Qh7+ Kf8 25. O-O
Qg5 26. Rae1 $1 (26. Nd5 Rxd5 27. cxd5 Bxa1 28. d6) 26... Rd7 27. Nd5 Rxd5 28.
cxd5 f5 29. Rc1 {/\Rc1-c7} 1-0

[Event "Elenite op"]
[Site "Elenite"]
[Date "1986.??.??"]
[Round "?"]
[White "Vasilev, Nikolai"]
[Black "Donev, Ivo Hristov"]
[Result "1/2-1/2"]
[WhiteElo "2315"]
[BlackElo "2350"]
[Annotator "ChessBase"]
[PlyCount "124"]
[EventDate "1986.??.??"]
[EventType "swiss"]
[EventRounds "9"]
[EventCountry "BUL"]
[SourceTitle "EXT 1997"]
[Source "ChessBase"]
[SourceDate "1996.11.15"]
[SourceVersion "1"]
[SourceVersionDate "1996.11.15"]
[SourceQuality "1"]

1. e4 Nf6 2. e5 Nd5 3. d4 d6 4. Nf3 dxe5 5. Nxe5 g6 6. Bc4 Be6 7. Nd2 Bg7 8.
Ndf3 Nd7 9. Ng5 Nxe5 10. Nxe6 fxe6 11. dxe5 Bxe5 12. c3 Qd6 13. Bd2 O-O-O 14.
Qe2 Bf4 15. O-O-O Bxd2+ 16. Qxd2 Rhf8 17. f3 Qc6 (17... Qf4 $142) 18. Bb3 Nf4
$2 (18... Rd6) 19. Qe3 Rd6 20. Qxa7 Qa6 21. Qxa6 bxa6 22. Rxd6 exd6 23. g3 Nd3+
24. Kd2 Nc5 25. Bd1 e5 26. Ke3 Kd7 27. h4 d5 28. Bc2 e4 29. f4 Nb7 30. c4 c6
31. cxd5 cxd5 32. Bb3 Nd6 33. Bxd5 Nf5+ 34. Kf2 e3+ 35. Kf3 Re8 36. Rd1 e2 37.
Re1 Re3+ 38. Kf2 Rxg3 39. Rxe2 Rg4 40. Be6+ Kd6 41. Bxf5 Rxf4+ 42. Kg3 Rxf5 43.
Re3 a5 44. Rb3 Kc5 45. Rb7 Rh5 46. Kg4 Kc4 47. Rb3 Rd5 48. Rc3+ Kb5 49. Kg3 h5
50. Rc8 Rd4 51. Rc7 Rg4+ 52. Kh3 Rg1 53. Rb7+ Ka4 54. Rb3 Ra1 55. Ra3+ Kb4 56.
Rb3+ Kc4 57. Ra3 Kb5 58. Rb3+ Ka6 59. Ra3 Rb1 60. Rb3 Ra1 61. Ra3 Rh1+ 62. Kg3
Rg1+ 1/2-1/2

[Event "Santiago m"]
[Site "Santiago de Chile"]
[Date "1997.01.20"]
[Round "4"]
[White "Morovic Fernandez, Ivan"]
[Black "Adams, Michael"]
[Result "1/2-1/2"]
[WhiteElo "2580"]
[BlackElo "2660"]
[Annotator "ChessBase"]
[PlyCount "35"]
[EventDate "1997.01.16"]
[EventType "match"]
[EventRounds "6"]
[EventCountry "CHI"]
[SourceTitle "CBM 057"]
[Source "ChessBase"]
[SourceDate "1997.04.01"]
[SourceVersion "1"]
[SourceVersionDate "1997.04.01"]
[SourceQuality "1"]

1. e4 Nf6 2. e5 Nd5 3. d4 d6 4. Nf3 dxe5 5. Nxe5 g6 6. Bc4 c6 7. O-O Bg7 8. Re1
O-O 9. c3 Nd7 10. Nxd7 Bxd7 11. Nd2 Nb6 12. Bb3 a5 13. a4 Nd5 14. Qf3 Nc7 15.
Ne4 Be6 16. Bd1 $2 (16. Bc2 $142 Bf5 17. Bg5) 16... Bd5 17. Qe2 Re8 18. f4 $15
1/2-1/2

[Event "New York op"]
[Site "New York"]
[Date "1985.??.??"]
[Round "8"]
[White "Ljubojevic, Ljubomir"]
[Black "Alburt, Lev O"]
[Result "1-0"]
[WhiteElo "2595"]
[BlackElo "2535"]
[Annotator "ChessBase"]
[PlyCount "57"]
[EventDate "1985.03.??"]
[EventType "swiss"]
[EventRounds "9"]
[EventCountry "USA"]
[SourceTitle "EXT 2000"]
[Source "ChessBase"]
[SourceDate "1999.11.16"]
[SourceVersion "1"]
[SourceVersionDate "1999.11.16"]
[SourceQuality "1"]

1. e4 Nf6 2. e5 Nd5 3. d4 d6 4. Nf3 g6 5. Bc4 Nb6 6. Bb3 Bg7 7. Ng5 e6 8. Qf3
Qe7 9. Ne4 dxe5 10. Bg5 Qb4+ 11. c3 Qa5 12. Bf6 Bxf6 13. Qxf6 O-O 14. Qxe5 Nc6
$5 (14... Qxe5 15. dxe5) 15. Qxc7 $1 Nxd4 16. O-O Nxb3 17. axb3 Qxa1 18. Nf6+
Kg7 $2 (18... Kh8 19. Qe5 (19. Qf4 $2 Nd5 20. Qh6 Nxf6 21. Qxf8+ Ng8 22. Nd2
Qa6 $8 23. Ne4 b6 24. Nf6 Qxf1+ $1 25. Kxf1 Ba6+ $19) 19... Qxb2 20. g4 $5 (20.
Rd1 Bd7 $8 21. Nxd7+ f6 22. Nxf6 Rf7 $13) 20... Qxb3 (20... Qc2 21. c4 Qxb3 22.
Nd2 Qa2 23. Nde4 Nxc4 24. Qg5 $18) 21. Nd2 Qa3 (21... Nc4 $2 22. Nxc4 Qxc4 23.
Rd1 h6 24. Rd8 $1) 22. Nde4 Qe7 23. Rd1 Nc4 24. Qg5 Rg8 25. Qh6 Rg7 26. Ng5 Ne5
(26... Qxf6 27. Nxh7 $19) 27. Ngxh7 Nxg4 28. Qh4 $18) 19. Qe5 Rd8 20. Nd2 Qxb2
21. Nde4 Qe2 22. Nd7+ (22. Ne8+ $1 Kf8 23. Qc5+ Kg8 24. N4f6+ Kh8 25. Qf8#)
22... Kh6 (22... Kg8 23. Ndf6+ Kf8 24. Nxh7+) 23. Qg5+ Kg7 24. Qf6+ Kh6 25. Ne5
Rf8 26. f3 Qe3+ 27. Kh1 Nd7 28. Ng4+ Kh5 29. Ng3# 1-0

[Event "USA-ch"]
[Site "USA"]
[Date "1988.??.??"]
[Round "?"]
[White "De Firmian, Nick E"]
[Black "Alburt, Lev O"]
[Result "0-1"]
[WhiteElo "2560"]
[BlackElo "2525"]
[Annotator "ChessBase"]
[PlyCount "140"]
[EventDate "1988.10.??"]
[EventType "tourn"]
[EventRounds "11"]
[EventCountry "USA"]
[EventCategory "12"]
[SourceTitle "CBM 011"]
[Source "ChessBase"]
[SourceDate "1989.08.01"]
[SourceVersion "1"]
[SourceVersionDate "1989.08.01"]
[SourceQuality "1"]

1. e4 Nf6 2. e5 Nd5 3. d4 d6 4. Nf3 g6 5. Bc4 Nb6 6. Bb3 Bg7 7. a4 d5 $6 {
Normal 7...a5} 8. a5 Nc4 9. Nbd2 b5 $6 (9... Nxd2 $6 10. Bxd2 O-O 11. O-O Bg4
12. h3 Bxf3 13. Qxf3 e6 14. Bb4 $16 {Zapata,A-Alburt,L/New York/1988/}) 10.
axb6 Nxb6 11. O-O O-O 12. Re1 e6 13. Nf1 h6 14. Ne3 Kh7 15. Ng4 Rh8 {gegen Qd2
gerichtet} 16. Be3 Nc6 17. Qd2 Qf8 18. Ra3 Ne7 {18...a5 /\ ...a4} 19. Nf6+ Bxf6
20. exf6 Nf5 21. Bf4 Nd6 22. Qc1 Nd7 23. Be5 Ne4 24. Bxc7 Nexf6 25. Ba4 (25.
Qf4 Ne8 26. Rea1 a6 27. c4 dxc4 28. Bxc4 Nxc7 29. Qxc7 $16) 25... a6 26. Bxd7
Nxd7 27. Ne5 f6 (27... Nxe5 28. Bxe5 Rg8 29. Rf3 $16) 28. Rf3 (28. Nc6 Qe8 29.
Nb4 Bb7 30. Rae3 Nf8 31. Bd6 $16) 28... Qe7 29. Ng4 $2 (29. Nc6 $1 $18) 29...
g5 30. Ne3 Qg7 31. c4 dxc4 32. Qxc4 Bb7 33. d5 Rac8 34. Rh3 Ne5 35. Qc2+ Qg6
36. Qxg6+ Kxg6 37. Bxe5 fxe5 38. dxe6 h5 39. g4 $2 (39. Nf1 $1 $14 Kf6 40. Rb3)
39... h4 40. Nf5 $2 (40. Ng2 Rc4 41. Rb3) 40... Rc4 41. f3 Kf6 42. Nd6 Rb4 43.
Nf7 Re8 44. Rxe5 Rxb2 45. Rf5+ Ke7 46. Rc5 Kf6 47. Rf5+ Ke7 48. Rc5 a5 $1 49.
Rxa5 (49. Nxg5 Rd8 50. Rc1 a4 51. Rxh4 a3 52. Rh7+ Kf6 $1 $19) 49... Rc8 50.
Ra1 Rcc2 51. Nxg5 Rg2+ 52. Kh1 $2 (52. Kf1 $1 Bc6 53. Ra7+ Kf6 54. Ne4+ Kxe6
55. Ra6 $13) 52... Rxg4 53. Rg1 Rf4 54. Re1 Rb5 55. Ne4 Re5 56. Kg2 Rxe6 57.
Re2 Kf8 58. Nc3 Rg6+ 59. Kf2 Rgf6 60. Ke3 Rc4 61. Kd3 (61. Ne4 $2 Bxe4 62. fxe4
Rc3+ $19) 61... Rb4 62. Ne4 Ba6+ 63. Ke3 (63. Kc3 Bxe2 64. Nxf6 Rc4+ 65. Kb3
Bf1 66. f4 Rxf4 67. Nd5 Bc4+ $19) 63... Bxe2 64. Kxe2 (64. Nxf6 Bf1 65. Nh7+
Kg7 66. Ng5 Kg6 67. f4 Rb3+ $19) 64... Rf4 65. Nf2 Rb3 66. Nd3 Ra4 67. f4 Ra2+
68. Kd1 Rb1+ 69. Nc1 Rf2 70. Rc3 Rxh2 0-1

[Event "Elenite op"]
[Site "Elenite"]
[Date "1986.??.??"]
[Round "?"]
[White "Zakhariev, Z."]
[Black "Donev, Ivo Hristov"]
[Result "1/2-1/2"]
[WhiteElo "2310"]
[BlackElo "2350"]
[Annotator "ChessBase"]
[PlyCount "63"]
[EventDate "1986.??.??"]
[EventType "swiss"]
[EventRounds "9"]
[EventCountry "BUL"]
[SourceTitle "EXT 1997"]
[Source "ChessBase"]
[SourceDate "1996.11.15"]
[SourceVersion "1"]
[SourceVersionDate "1996.11.15"]
[SourceQuality "1"]

1. e4 Nf6 2. e5 Nd5 3. d4 d6 4. Nf3 dxe5 5. Nxe5 g6 6. Bc4 Be6 7. O-O Bg7 8.
Re1 O-O 9. Nd2 Bxe5 10. dxe5 Nc6 11. Ne4 Ne3 12. Bxe3 Bxc4 13. Qg4 Nxe5 14. Qh4
f6 15. Bf4 Nf7 16. Rad1 Qc8 17. Be3 Nd6 18. Bc5 Bf7 19. Bb4 Nf5 20. Qf4 Rd8 21.
g4 Rxd1 22. Rxd1 Nd6 23. Re1 Nxe4 24. Rxe4 c5 25. Bc3 Qd7 (25... g5 $17) 26. g5
Bd5 27. gxf6 exf6 (27... Bxe4 28. f7+ Kf8 29. Qh6+ Kxf7 30. Qg7+ Ke6 31. Qe5+
$10) 28. Qxf6 Bxe4 29. Qh8+ Kf7 30. Qg7+ Ke8 31. Qh8+ Ke7 32. Qf6+ 1/2-1/2

[Event "EU-chT (Men) 15th"]
[Site "Gothenburg"]
[Date "2005.08.03"]
[Round "5.2"]
[White "Sutovsky, Emil"]
[Black "Mamedyarov, Shakhriyar"]
[Result "1-0"]
[WhiteElo "2674"]
[BlackElo "2646"]
[Annotator "Cox,J"]
[PlyCount "133"]
[EventDate "2005.07.30"]
[EventType "team-swiss"]
[EventRounds "9"]
[EventCountry "SWE"]
[SourceTitle "CBM 109"]
[Source "ChessBase"]
[SourceDate "2005.11.14"]
[SourceVersion "1"]
[SourceVersionDate "2005.11.14"]
[SourceQuality "1"]
[WhiteTeam "Israel"]
[BlackTeam "Azerbaijan"]
[WhiteTeamCountry "ISR"]
[BlackTeamCountry "AZE"]

1. e4 Nf6 2. e5 Nd5 3. d4 d6 4. Nf3 dxe5 5. Nxe5 c6 6. Bd3 Nd7 7. O-O Nxe5 8.
dxe5 g6 $146 {Previously Black has played} (8... Nb4 {and done rather badly, a
typical example being} 9. Be4 Qxd1 10. Rxd1 f5 11. a3 Na6 12. Bf3 g6 13. Nd2
Be6 14. Be2 Nc7 (14... O-O-O $5) 15. Nf3 Bd5 16. Nd4 Bg7 17. c4 Bf7 18. f4 $16
{was Sutovsky-Carlsen, Rethymnon 2003. The text is slightly unusual in that
Black doesn't normally want to fianchetto when White has an unchallenged pawn
on e5 like this, but is logical inasmuch as White has arranged his forces so
as to stop Black's usual plan after 5...c6 of developing the light-squared
bishop and then playing ...e6 and ...Be7(or d6).}) 9. c3 {A bit tame-looking,
but} (9. c4 Nb4 10. Be4 Qxd1 11. Rxd1 f5 {is nowhere near as good as in
Sutovsky-Carlsen, in fact probably equal already.}) (9. a3 Bg7 10. Re1 Be6 11.
Qe2 Qc7 (11... Qd7 {is possible too: ...Bf5 might be useful.}) 12. c4 Nb6 {
is nothing much for White either.}) 9... Bg7 10. Re1 O-O 11. Na3 Be6 12. Nc2 c5
(12... Qd7 13. Nd4 Rad8 {seems eminently possible too to me; I don't see that
Nxe6 is anything to be frightened of. I think Black is equal either way.}) 13.
Be4 Qd7 14. Ne3 Rad8 15. Nxd5 Bxd5 16. Bxd5 Qxd5 17. Qxd5 Rxd5 18. f4 f6 19.
exf6 exf6 20. Be3 {I find it very hard to imagine White should really have any
significant advantage here, and I suspect only the absurd FIDE time control
caused Black to lose from this position.} b6 21. a4 f5 22. Red1 Rfd8 23. Rxd5
Rxd5 24. a5 Bf6 25. Kf2 Rd7 26. axb6 axb6 27. Ra6 Bd8 28. b4 cxb4 29. cxb4 Rd6
$14 {White has succeeded in obtaining some annoying pressure with his active
rook, but it still looks to me as though Black ought to hold comfortably with
the king-side pawns fixed on the dark squares.} 30. Ke2 Kf7 31. Ra7+ Kg8 32.
Ra6 Kf7 33. Ra7+ Kg8 34. Rb7 h5 35. Bd2 Bf6 36. Be3 Bd8 37. Bd2 Bf6 38. b5 Bd4
39. Bb4 Rd5 40. Kd3 Bg1+ 41. Kc3 Rd1 (41... Rxb5 42. Kc4 Rxb4+ 43. Kxb4 Bxh2 {
was an immediate draw as far as I can see, but it seems so unlikely that a
2650 player could have missed this that I suspect either the score is wrong or
that by now the players (or Black at least) were being obliged to blitz -
unless of course Black had taken it into his head to play for a win.}) 42. h3
Be3 43. Be7 Rd5 44. Bg5 Bg1 (44... Rxb5 {again looks as though it obliges
White to take an immediate draw. There must be some story behind this game
that isn't revealed by the bare score.}) 45. Kc4 Rd2 {A dreadful move if it
was really played: obviously 45...Rd4+ repeats.} 46. Bf6 Kf8 47. Be5 h4 48. Rh7
Bf2 49. Bc3 Rd1 50. Rh8+ Kf7 51. Rh7+ Kf8 52. Be5 Rd2 53. Rc7 Bg1 54. Rc6 Ke7
55. Rxg6 Bc5 56. Rg7+ Ke6 57. Rg6+ Ke7 58. Bc3 Rc2 59. Rg7+ Ke6 60. Rg6+ Ke7
61. Rh6 Rxg2 62. Kd5 Kf7 63. Rh7+ Kg8 64. Rh8+ Kf7 65. Rh7+ Kg8 66. Rxh4 Rg6
67. Be5 1-0

[Event "Bundesliga 0506"]
[Site "Germany"]
[Date "2005.12.11"]
[Round "6.6"]
[White "Medvegy, Zoltan"]
[Black "Appel, Ralf"]
[Result "1/2-1/2"]
[WhiteElo "2478"]
[BlackElo "2488"]
[Annotator "Cox,J"]
[PlyCount "71"]
[EventDate "2005.10.21"]
[EventType "team-tourn"]
[EventRounds "15"]
[EventCountry "GER"]
[SourceTitle "CBM 111"]
[Source "ChessBase"]
[SourceDate "2006.04.04"]
[SourceVersion "1"]
[SourceVersionDate "2006.04.04"]
[SourceQuality "1"]
[WhiteTeam "Eppingen"]
[BlackTeam "Wattenscheid"]
[WhiteTeamCountry "GER"]
[BlackTeamCountry "GER"]

1. e4 Nf6 2. e5 Nd5 3. d4 d6 4. Nf3 g6 5. Bc4 c6 (5... dxe5 6. Nxe5 c6 {
is the more normal move order to reach the Kengis system (or indeed 4...dxe5 5
Nxe5 g6 6 Bc4 c6). The trouble with the text is that White can prevent himself
from losing time with Nxe5-f3 the way he usually does in the Kengis.}) 6. exd6
Qxd6 7. O-O Bg7 8. h3 {White has scored very well from this position. It seems
as though Black really needs to exchange the bishop on g4 (as he usually does
in the Kengis) to ease his space worries.} O-O 9. Bb3 Nd7 10. c4 (10. Re1 {
In P.Svidler-V.Akopian, Chalkidiki, 2002, Peter Svidler chose a more
restrained plan.} b5 11. Nbd2 Bb7 12. Ne4 Qc7 13. Bg5 e6 14. c4 bxc4 15. Bxc4)
10... N5f6 11. Nc3 b6 $146 (11... e6 12. Bg5 b6 13. Bh4 Ba6 14. Re1 Rfd8 $14 {
F.de la Paz-O.Almeida, Capablanca memorial B 2002.}) 12. Re1 Bb7 13. Bg5 e6 14.
Qd2 Rfe8 15. Rad1 a6 {A typical move in such positions, preparing either ...b5
or ...c5, although the immediate} (15... c5 {doesn't fail so much to} 16. Bf4 {
since} Qf8 17. Nb5 Ne4 18. Qe2 cxd4 19. Nc7 e5 {gives reasonable compensation,
as to 16 Ba4, which is very nasty to meet.}) 16. Ne5 Qf8 {As usual in this
line Black is rather cramped, and also as usual it's not easy to make
something of White's space advantage: in particular it is difficult to find a
good role for his b3 bishop.} 17. Nxd7 {This looks rather feeble. White had a
few ideas which seem more pressing, among them} (17. Na4 b5 18. Bxf6 Nxf6 19.
Nc5 Qe7 20. Qf4 {and the immediate}) (17. Qf4) 17... Nxd7 18. Ne4 {This was
White's idea, to threaten to come in on d6 and so force Black's next,
weakening, move. But it doesn't have as much effect as he must have hoped, and
again} (18. Qf4 {was perhaps a better way to implement this idea.}) 18... f5
19. Nc3 Kh8 20. c5 {White goes into action; again probably this was his idea
with 18 Ne4.} (20. Na4 {was an alternative and I'm not entirely sure how Black
defends:} h6 (20... Rac8 21. c5 $16) (20... b5 21. cxb5 axb5 22. Nc5 Nxc5 23.
dxc5 $16) 21. Bf4 b5 22. cxb5 axb5 23. Nc5 Nxc5 24. dxc5 e5 25. Qd7 exf4 26.
Qxb7 Qxc5 27. Qf7 {lookss quite nasty for him.}) 20... bxc5 21. Bxe6 cxd4 22.
Bxd7 dxc3 23. bxc3 Rxe1+ 24. Qxe1 c5 25. Be7 Qf7 26. Bxc5 {A logical more or
less forced sequence leaves White a pawn up, but Black has developed all his
pieces and has a couple of weaklings to aim at, and he also has a resource...}
Bd5 27. Bd4 $6 {this doesn't look like the best try to me. I don't see why
White didn't just rescue the a-pawn with} (27. a3 {, when} Qxd7 28. c4 Qc7 29.
Rxd5 {seems to consolidate the extra pawn.}) 27... Bxa2 28. Bc6 Rf8 29. Bc5 $6
{Losing the thread a bit. White still had chances to exert some pressure after}
(29. Qd2 {, for example} Bxd4 30. Qxd4+ Qf6 31. Qc5 Rc8 {. His pieces are
still a little more active.}) 29... Rb8 $11 30. Bb4 Qe6 31. Qxe6 Bxe6 32. Rd6
Bc4 33. Bd5 a5 34. Bxc4 axb4 35. cxb4 Bf8 36. Rd2 {Black managed to hang on
here, but this game wasn't a great advert for this method of approaching the
Kengis system.} 1/2-1/2